000 00366nam a2200145Ia 4500
008 151213s9999 xx 000 0 und d
100 _aLaurence Durrell
245 _aSelected Poems 1935 - 63
_cLaurence Durrell
260 _aLondon
_bFaber & Faber
_c1964
300 _a4604 p.
650 _aEnglish
650 _aPoem
700 _aLaurence Durrell
999 _c2962
_d2962